| 000 | 00402nam a2200157 a 4500 | ||
|---|---|---|---|
| 005 | 20210219161804.0 | ||
| 008 | 130802s1996 mx r 000 0 spa d | ||
| 020 | _a8439549946 | ||
| 020 | _a9233033368 (UNESCO) | ||
| 035 | _aUPN01000191899 | ||
| 049 | _aUNE | ||
| 080 | 4 | _aOC 058 (100) "1996" ANU | |
| 245 | 0 | 0 | _aAnuario Mundial 1996 |
| 260 |
_aEspaƱa : _bUNESCO, _c1996. |
||
| 300 |
_a438 p. ; _bil. |
||
| 999 |
_c164002 _d164002 |
||